000 00436nam a22001337a 4500
040 _cNUST
082 _a200 THE
100 _aAlizay Fatima
_9111719
110 _aSupervisor Dr. Yasir Ahmad
_989011
245 _aTH-SOF-2142-Identity-Based Persistence Connection Between Identity Factors and Academic Persistence in Engineering Students
260 _aISLAMABAD:
_bNUST COLLEGE OF EME,
_c2023.
650 _aMS-EM-19
942 _2ddc
_cTHE
999 _c594430
_d594430